Generator Puzzle #52½ - Statistics

General Stats
  • This quiz has been taken 122 times
  • The average score is 14 of 23
Answer Stats
hint answer % Correct
most birds' home nest
92%
look at, fixedly, with wide eyes stare
90%
Russian ruler tsar
87%
what God did on the 7th day rest
85%
clean and orderly neat
83%
rave; talk wildly rant
83%
strict, serious part of a boat? stern
82%
goes into enters
81%
Italian volcano Etna
81%
to wipe out erase
77%
forteller of the future seer
76%
gets closer to nears
73%
type of drum snare
66%
governing council senate
61%
empty vehicle weight tare
51%
Greek letter η eta
45%
brusquely concise terse
45%
small mountain lake tarn
43%
7-letter word EASTERN
36%
7-letter word NEAREST
36%
sharp mountain ridge arête
25%
7-letter word EARNEST
25%
feel bitter, indignant at resent
23%
No matching quizzes found
Score Distribution
Percent of People with Each Score
Percentile by Number Answered
Your Score History
You have not taken this quiz